000 00293nam a22001217a 4500
008 170214b xxu||||| |||| 00| 0 eng d
041 _aeng
080 _a61
100 _a4
101 _aSHM
245 _aFISHBEIN'S ILLUSTRATED MEDICAL AND HEALTH ENCYCLOPEDIA
_cSTUTTMAN, H.S
942 _2udc
_cBK
999 _c5387
_d5387